000
00290nam a22001097a 4500
082
_a
347
100
_a
N,Vijayaraghavan
_9
83362
245
_a
SUPREME Court Of India Musings,Anecdotes & Episodes
260
_a
Haryana
_b
Oakbridge Publishing
_c
2024
650
_a
Court
_9
3422
942
_c
C. BOOKS
999
_c
68248
_d
68248